Shakespeare, ecology and adaptation: (Record no. 1238206)

MARC details
000 -LEADER
fixed length control field 00964nam a22002897a 4500
005 - DATE AND TIME OF LATEST TRANSACTION
control field 20250120164035.0
008 - FIXED-LENGTH DATA ELEMENTS--GENERAL INFORMATION
fixed length control field 250120b |||||||| |||| 00| 0 eng d
020 ## - INTERNATIONAL STANDARD BOOK NUMBER
International Standard Book Number 978-1-3502-8291-9 (pbk)
037 ## - SOURCE OF ACQUISITION
Terms of availability TB
040 ## - CATALOGING SOURCE
Original cataloging agency CRL
Transcribing agency CRL
041 ## - LANGUAGE CODE
Source of code eng
Language code of text/sound track or separate title eng
084 ## - COLON CLASSIFICATION NUMBER
Classification number O111,2J64:g(G:55) R5
Assigning agency CRL
100 ## - MAIN ENTRY--PERSONAL NAME
Personal name Daroy, Alys
9 (RLIN) 734768
245 ## - TITLE STATEMENT
Title Shakespeare, ecology and adaptation:
Remainder of title A practical guide
260 ## - PUBLICATION, DISTRIBUTION, ETC.
Place of publication, distribution, etc. London:
Name of publisher, distributor, etc. Bloomsbury Visual Arts,
Date of publication, distribution, etc. 2025
300 ## - PHYSICAL DESCRIPTION
Extent ix,233p.
490 ## - SERIES STATEMENT
Series statement The arden Shakespeare
650 ## - SUBJECT ADDED ENTRY--TOPICAL TERM
Topical term or geographic name entry element Shakespeare, William
650 ## - SUBJECT ADDED ENTRY--TOPICAL TERM
Topical term or geographic name entry element Ecology
650 ## - SUBJECT ADDED ENTRY--TOPICAL TERM
Topical term or geographic name entry element English literature
653 ## - INDEX TERM--UNCONTROLLED
Uncontrolled term Shakespeare, William
653 ## - INDEX TERM--UNCONTROLLED
Uncontrolled term Ecology
653 ## - INDEX TERM--UNCONTROLLED
Uncontrolled term English literature
700 ## - ADDED ENTRY--PERSONAL NAME
Personal name Prescott, Paul (Author)
9 (RLIN) 734769
942 ## - ADDED ENTRY ELEMENTS (KOHA)
Source of classification or shelving scheme Colon Classification (CC)
Koha item type Textbook
Classification part O111,2J64:g(G:55) R5
Suppress in OPAC No
Holdings
Withdrawn status Lost status Source of classification or shelving scheme Damaged status Not for loan Home library Current library Date acquired Source of acquisition Inventory number Total Checkouts Full call number Barcode Date last seen Price effective from Koha item type
    Colon Classification (CC)     Central Library Central Library 2025-01-20 Excel Book International 153 & 2025-01-07   O111,2J64:g(G:55) R5 CL1682452 2025-01-20 2025-01-20 Textbook
Copyright @ Delhi University Library System